Toutes les communes des Pays de la Loire sur une carte - Statistiques

Statistiques générales
  • Ce quiz a été pris 3 917 fois
    3 273 depuis la dernière actualisation
  • Le résultat moyen est 120 sur 1226
Réponses sur la Carte
Les réponses sont colorées sur une échelle allant du rouge au vert en fonction du pourcentage des utilisateurs qui les ont devinées à leur premier essai. Vous pouvez retrouver ces pourcentages ci-dessous.
 
Statistiques - réponses
Département Population Commune % Correct
44 320 732 Nantes
91%
49 155 876 Angers
81%
72 145 155 Le Mans
74%
85 55 213 La Roche-sur-Yon
72%
44 71 887 Saint-Nazaire
71%
53 49 617 Laval
65%
49 17 660 Segré-en-Anjou Bleu
63%
85 3 573 Saint-Jean-d'Hermine
58%
53 561 Blandouet-Saint Jean
57%
49 4 614 Les Garennes sur Loire
57%
72 1 842 Saint-Jean-d'Assé
57%
44 5 970 Saint-Jean-de-Boiseau
57%
49 224 Saint-Jean-de-la-Croix
57%
72 975 Saint-Jean-de-la-Motte
57%
85 8 725 Saint-Jean-de-Monts
57%
72 230 Saint-Jean-des-Échelles
57%
72 613 Saint-Jean-du-Bois
57%
53 1 650 Saint-Jean-sur-Mayenne
57%
49 21 187 Chemillé-en-Anjou
54%
85 46 941 Les Sables-d'Olonne
54%
49 8 908 Ombrée d'Anjou
54%
49 54 357 Cholet
53%
49 23 465 Beaupréau-en-Mauges
49%
49 15 732 Montrevault-sur-Èvre
49%
85 4 486 Noirmoutier-en-l'Île
49%
53 1 120 Vimartin-sur-Orthe
49%
44 16 886 Pornic
48%
85 20 578 Montaigu-Vendée
47%
49 3 827 Le May-sur-Èvre
46%
44 16 160 La Baule-Escoublac
45%
49 8 480 Gennes-Val-de-Loire
44%
49 26 154 Saumur
44%
53 1 254 Bierné-les-Villages
43%
53 12 805 Mayenne
43%
44 42 993 Rezé
42%
44 49 067 Saint-Herblain
42%
49 11 735 Baugé-en-Anjou
41%
72 344 Saint-Pierre-de-Chevillé
41%
72 232 Saint-Pierre-des-Bois
41%
53 923 Saint-Pierre-des-Landes
41%
53 1 785 Saint-Pierre-des-Nids
41%
72 224 Saint-Pierre-des-Ormes
41%
85 1 330 Saint-Pierre-du-Chemin
41%
72 378 Saint-Pierre-du-Lorouër
41%
53 2 298 Saint-Pierre-la-Cour
41%
85 930 Saint-Pierre-le-Vieux
41%
53 140 Saint-Pierre-sur-Erve
41%
85 527 Le Gué-de-Velluire
40%
44 7 533 Loireauxence
40%
49 25 519 Sèvremoine
40%
44 7 042 Divatte-sur-Loire
39%
53 967 La Chapelle-Anthenaise
39%
53 506 La Chapelle-au-Riboul
39%
72 270 La Chapelle-aux-Choux
39%
53 328 La Chapelle-Craonnaise
39%
44 4 339 La Chapelle-des-Marais
39%
72 832 La Chapelle-du-Bois
39%
44 804 La Chapelle-Glain
39%
85 961 La Chapelle-Hermier
39%
44 3 414 La Chapelle-Heulin
39%
72 519 La Chapelle-Huon
39%
44 3 194 La Chapelle-Launay
39%
85 992 La Chapelle-Palluau
39%
53 416 La Chapelle-Rainsouin
39%
72 2 278 La Chapelle-Saint-Aubin
39%
72 423 La Chapelle-Saint-Fray
39%
49 782 La Chapelle-Saint-Laud
39%
72 993 La Chapelle-Saint-Rémy
39%
44 19 981 La Chapelle-sur-Erdre
39%
85 389 La Chapelle-Thémer
39%
85 5 331 Les Achards
39%
72 2 120 Loir en Vallée
39%
85 6 417 Sèvremont
39%
85 2 170 Terval
39%
72 12 123 Sablé-sur-Sarthe
38%
44 5 297 Saint-Michel-Chef-Chef
37%
72 731 Saint-Michel-de-Chavaignes
37%
53 258 Saint-Michel-de-la-Roë
37%
85 2 339 Saint-Michel-en-l'Herm
37%
85 1 283 Saint-Michel-le-Cloucq
37%
44 16 042 Guérande
35%
85 1 190 Mouzeuil-Saint-Martin
35%
49 601 Saint-Paul-du-Bois
35%
85 1 324 Saint-Paul-en-Pareds
35%
72 283 Saint-Paul-le-Gaultier
35%
85 831 Saint-Paul-Mont-Penit
35%
72 15 078 La Flèche
34%
49 7 748 Lys-Haut-Layon
34%
49 16 468 Orée d'Anjou
34%
44 12 016 Châteaubriant
33%
44 11 828 Pornichet
33%
53 228 Sainte-Marie-du-Bois
33%
44 20 463 Carquefou
32%
49 18 083 Mauges-sur-Loire
32%
85 820 Saint-Martin-de-Fraigneau
32%
85 170 Saint-Martin-des-Fontaines
32%
72 170 Saint-Martin-des-Monts
32%
85 2 512 Saint-Martin-des-Noyers
32%
85 1 095 Saint-Martin-des-Tilleuls
32%
49 1 668 Saint-Martin-du-Fouilloux
32%
53 434 Saint-Martin-du-Limet
32%
85 420 Saint-Martin-Lars-en-Sainte-Hermine
32%
72 1 668 Tuffé Val de la Chéronne
32%
44 11 081 Ancenis-Saint-Géréon
31%
49 11 224 Doué-en-Anjou
31%
85 7 922 Saint-Gilles-Croix-de-Vie
31%
44 2 336 Saint-Hilaire-de-Chaléons
31%
44 2 325 Saint-Hilaire-de-Clisson
31%
85 12 137 Saint-Hilaire-de-Riez
31%
85 1 911 Saint-Hilaire-des-Loges
31%
85 580 Saint-Hilaire-de-Voust
31%
53 817 Saint-Hilaire-du-Maine
31%
85 799 Saint-Hilaire-la-Forêt
31%
85 1 094 Saint-Hilaire-le-Vouhis
31%
85 16 266 Les Herbiers
29%
44 27 438 Orvault
29%
44 27 958 Saint-Sébastien-sur-Loire
29%
85 21 900 Challans
28%
49 2 574 Les Bois d'Anjou
28%
53 16 845 Château-Gontier-sur-Mayenne
27%
44 7 507 Clisson
27%
85 3 790 Montréverd
27%
44 4 114 Le Croisic
26%
85 13 138 Fontenay-le-Comte
25%
72 313 Fontenay-sur-Vègre
25%
44 14 473 Saint-Brevin-les-Pins
25%
53 1 545 Saint-Denis-d'Anjou
25%
53 1 429 Saint-Denis-de-Gastines
25%
72 113 Saint-Denis-des-Coudrais
25%
72 762 Saint-Denis-d'Orques
25%
53 437 Saint-Denis-du-Maine
25%
85 391 Saint-Denis-du-Payré
25%
85 2 392 Saint-Denis-la-Chevasse
25%
85 632 Saint-Étienne-de-Brillouet
25%
44 1 724 Saint-Étienne-de-Mer-Morte
25%
44 7 578 Saint-Étienne-de-Montluc
25%
85 2 144 Saint-Étienne-du-Bois
25%
49 3 950 Terranjou
25%
49 10 906 Brissac Loire Aubance
24%
85 4 870 L' Île-d'Yeu
24%
44 6 813 Saint-André-des-Eaux
24%
85 1 916 Saint-André-Goule-d'Oie
24%
53 1 396 Saint-Georges-Buttavent
24%
72 151 Saint-Georges-de-la-Couée
24%
85 1 721 Saint-Georges-de-Pointindoux
24%
72 2 162 Saint-Georges-du-Bois
24%
72 447 Saint-Georges-du-Rosay
24%
53 380 Saint-Georges-le-Fléchard
24%
72 530 Saint-Georges-le-Gaultier
24%
53 396 Saint-Georges-sur-Erve
24%
49 3 706 Saint-Georges-sur-Loire
24%
44 7 505 Saint-Julien-de-Concelles
24%
85 1 926 Saint-Julien-des-Landes
24%
44 959 Saint-Julien-de-Vouvantes
24%
53 235 Saint-Julien-du-Terroux
24%
44 6 485 Vallons-de-l'Erdre
24%
53 8 667 Évron
23%
85 1 786 Mouilleron-Saint-Germain
23%
44 25 879 Vertou
23%
85 2 158 Notre-Dame-de-Monts
22%
85 2 162 Notre-Dame-de-Riez
22%
72 674 Notre-Dame-du-Pé
22%
44 1 531 Saint-Vincent-des-Landes
22%
72 503 Saint-Vincent-des-Prés
22%
72 832 Saint-Vincent-du-Lorouër
22%
85 746 Saint-Vincent-Sterlanges
22%
85 1 554 Saint-Vincent-sur-Graon
22%
85 1 324 Saint-Vincent-sur-Jard
22%
44 5 013 Villeneuve-en-Retz
22%
72 2 260 Ballon-Saint Mars
21%
49 5 780 Bellevigne-en-Layon
21%
72 2 871 Fresnay-sur-Sarthe
21%
44 7 325 Sucé-sur-Erdre
21%
85 389 Saint-Laurent-de-la-Salle
20%
85 3 724 Saint-Laurent-sur-Sèvre
20%
44 2 600 Saint-Mars-de-Coutais
20%
72 2 450 Saint-Mars-d'Outillé
20%
44 5 236 Saint-Mars-du-Désert
20%
53 170 Saint-Mars-du-Désert
20%
72 2 698 Saint-Mars-la-Brière
20%
85 1 009 Saint-Mars-la-Réorthe
20%
53 452 Saint-Mars-sur-Colmont
20%
53 519 Saint-Mars-sur-la-Futaie
20%
49 14 727 Avrillé
19%
85 1 424 Avrillé
19%
49 5 759 Erdre-en-Anjou
19%
85 2 980 La Tranche-sur-Mer
19%
85 1 852 Le Champ-Saint-Père
19%
53 365 Saint-Germain-d'Anxure
19%
72 337 Saint-Germain-d'Arcé
19%
53 328 Saint-Germain-de-Coulamer
19%
85 1 600 Saint-Germain-de-Prinçay
19%
49 1 402 Saint-Germain-des-Prés
19%
53 1 186 Saint-Germain-le-Fouilloux
19%
53 517 Saint-Germain-le-Guillaume
19%
49 3 455 Val-du-Layon
19%
44 20 450 Bouguenais
18%
44 22 680 Couëron
18%
44 751 Le Pin
18%
85 9 541 Luçon
18%
44 9 198 Nort-sur-Erdre
18%
44 2 964 Sainte-Anne-sur-Brivet
18%
44 15 417 Sainte-Luce-sur-Loire
18%
72 2 218 Villeneuve-en-Perseigne
18%
44 9 410 Basse-Goulaine
17%
49 5 201 Le Lion-d'Angers
17%
49 8 743 Les Hauts-d'Anjou
17%
49 12 589 Les Ponts-de-Cé
17%
49 882 Loiré
17%
85 1 601 Maché
17%
49 5 529 Noyant-Villages
17%
49 2 873 Saint-Christophe-du-Bois
17%
72 231 Saint-Christophe-du-Jambet
17%
85 2 620 Saint-Christophe-du-Ligneron
17%
72 206 Saint-Christophe-en-Champagne
17%
85 3 565 Saint-Philbert-de-Bouaine
17%
44 9 213 Saint-Philbert-de-Grand-Lieu
17%
49 1 328 Saint-Philbert-du-Peuple
17%
44 9 283 Savenay
17%
49 15 056 Trélazé
17%
49 5 528 Beaucouzé
16%
44 5 954 Haute-Goulaine
16%
44 4 024 Le Pouliguen
16%
49 16 293 Loire-Authion
16%
72 5 082 Mamers
16%
72 743 Saint-Aubin-de-Locquenay
16%
44 1 741 Saint-Aubin-des-Châteaux
16%
72 913 Saint-Aubin-des-Coudrais
16%
85 1 369 Saint-Aubin-des-Ormeaux
16%
53 227 Saint-Aubin-du-Désert
16%
53 216 Saint-Aubin-Fosse-Louvain
16%
85 542 Saint-Aubin-la-Plaine
16%
44 3 280 Saint-Nicolas-de-Redon
16%
44 2 822 Batz-sur-Mer
15%
49 3 471 Bellevigne-les-Châteaux
15%
44 10 086 Blain
15%
44 4 889 La Turballe
15%
44 7 626 Machecoul-Saint-Même
15%
85 822 Montreuil
15%
49 3 705 Montreuil-Bellay
15%
49 7 791 Montreuil-Juigné
15%
72 304 Montreuil-le-Chétif
15%
72 301 Montreuil-le-Henri
15%
53 375 Montreuil-Poulay
15%
49 581 Montreuil-sur-Loir
15%
49 770 Montreuil-sur-Maine
15%
49 649 Rou-Marson
15%
49 2 947 Allonnes
14%
72 11 108 Allonnes
14%
44 6 372 La Montagne
14%
53 779 Neau
14%
44 11 030 Pontchâteau
14%
53 312 Saint-Léger
14%
49 3 749 Saint-Léger-de-Linières
14%
44 1 999 Saint-Léger-les-Vignes
14%
49 3 062 Saint-Léger-sous-Cholet
14%
44 4 594 Saint-Père-en-Retz
14%
44 9 412 Vallet
14%
85 2 103 Bois-de-Céné
13%
53 6 313 Changé
13%
72 6 569 Changé
13%
53 4 456 Craon
13%
44 8 109 Donges
13%
53 1 337 Gennes-Longuefuye
13%
85 2 745 L' Aiguillon-la-Presqu'île
13%
44 1 805 Les Moutiers-en-Retz
13%
44 2 368 Piriac-sur-Mer
13%
49 6 757 Bouchemaine
12%
85 5 093 Bretignolles-sur-Mer
12%
85 9 300 Essarts en Bocage
12%
85 2 670 Jard-sur-Mer
12%
53 1 020 La Bazoge-Montpinçon
12%
53 509 La Bazouge-de-Chemeré
12%
53 557 La Bazouge-des-Alleux
12%
44 3 206 La Bernerie-en-Retz
12%
72 601 La Fontaine-Saint-Martin
12%
44 3 936 Oudon
12%
85 4 238 Rives de l'Yon
12%
49 9 207 Saint-Barthélemy-d'Anjou
12%
85 539 Saint-Cyr-des-Gâts
12%
53 497 Saint-Cyr-en-Pail
12%
85 402 Saint-Cyr-en-Talmondais
12%
53 557 Saint-Cyr-le-Gravelais
12%
85 2 077 Sainte-Gemme-la-Plaine
12%
44 3 206 Saint-Malo-de-Guersac
12%
85 1 616 Saint-Malô-du-Bois
12%
53 466 Saint-Quentin-les-Anges
12%
44 8 473 Sautron
12%
44 10 704 Thouaré-sur-Loire
12%
85 10 067 Aizenay
11%
72 716 Fay
11%
44 3 705 Fay-de-Bretagne
11%
53 427 Fontaine-Couverte
11%
49 1 423 Grez-Neuville
11%
44 4 087 Indre
11%
72 614 Joué-en-Charnie
11%
72 1 266 Joué-l'Abbé
11%
44 2 632 Joué-sur-Erdre
11%
72 8 863 La Ferté-Bernard
11%
49 1 000 La Plaine
11%
44 4 448 La Plaine-sur-Mer
11%
85 8 616 Le Poiré-sur-Vie
11%
44 8 900 Les Sorinières
11%
49 6 759 Longué-Jumelles
11%
44 3 259 Mauves-sur-Loire
11%
44 7 216 Montoir-de-Bretagne
11%
53 3 191 Montsûrs
11%
85 6 063 Mortagne-sur-Sèvre
11%
44 4 216 Nozay
11%
72 232 Saint-Aignan
11%
53 351 Saint-Aignan-de-Couptrain
11%
44 3 973 Saint-Aignan-Grandlieu
11%
53 903 Saint-Aignan-sur-Roë
11%
44 7 111 Sainte-Pazanne
11%
72 834 Saint-Rémy-de-Sillé
11%
72 692 Saint-Rémy-des-Monts
11%
72 500 Saint-Rémy-du-Val
11%
53 169 Saint-Thomas-de-Courceriers
11%
85 7 933 Talmont-Saint-Hilaire
11%
44 8 101 Trignac
11%
53 466 Assé-le-Bérenger
10%
72 902 Assé-le-Boisne
10%
72 486 Assé-le-Riboul
10%
85 1 721 Barbâtre
10%
49 7 096 Beaufort-en-Anjou
10%
85 2 275 Beaulieu-sous-la-Roche
10%
49 1 359 Beaulieu-sur-Layon
10%
53 535 Beaulieu-sur-Oudon
10%
85 6 193 Bellevigny
10%
44 8 102 Bouaye
10%
49 6 475 Chalonnes-sur-Loire
10%
85 1 118 Châteauneuf
10%
53 5 641 Ernée
10%
44 7 088 Herbignac
10%
44 6 407 Héric
10%
85 2 240 La Barre-de-Monts
10%
53 115 La Boissière
10%
85 2 276 La Boissière-de-Montaigu
10%
85 1 432 La Boissière-des-Landes
10%
44 1 071 La Boissière-du-Doré
10%
72 4 284 Laigné-Saint-Gervais
10%
85 2 067 L' Aiguillon-sur-Vie
10%
44 4 633 Legé
10%
44 3 008 Paimbœuf
10%
44 1 226 Préfailles
10%
53 196 Saint-Charles-la-Forêt
10%
85 628 Saint-Maurice-des-Noues
10%
85 594 Saint-Maurice-le-Girard
10%
72 199 Aillières-Beauvoir
9%
72 5 520 Arnage
9%
53 1 095 Bazougers
9%
85 2 155 Bouin
9%
49 2 046 Brain-sur-Allonnes
9%
49 2 821 Candé
9%
85 8 434 Chantonnay
9%
85 5 468 Chanverrie
9%
44 7 049 Chaumes-en-Retz
9%
49 3 343 Durtal
9%
44 5 239 Guémené-Penfao
9%
72 3 651 La Bazoge
9%
44 4 694 La Haie-Fouassière
9%
53 463 La Haie-Traversaine
9%
49 122 La Lande-Chasles
9%
44 3 984 Le Cellier
9%
44 8 517 Le Loroux-Bottereau
9%
72 4 100 Le Lude
9%
44 5 251 Le Pellerin
9%
85 2 941 Les Epesses
9%
44 5 371 Ligné
9%
85 4 996 Mouilleron-le-Captif
9%
72 2 633 Noyen-sur-Sarthe
9%
85 5 565 Pouzauges
9%
49 2 094 Saint-Clément-de-la-Place
9%
49 1 097 Saint-Clément-des-Levées
9%
44 3 761 Saint-Gildas-des-Bois
9%
72 933 Saint-Ouen-de-Mimbré
9%
53 1 782 Saint-Ouën-des-Toits
9%
72 1 323 Saint-Ouen-en-Belin
9%
72 237 Saint-Ouen-en-Champagne
9%
72 2 195 Sillé-le-Guillaume
9%
72 1 073 Sillé-le-Philippe
9%
44 10 054 Treillières
9%
49 7 534 Verrières-en-Anjou
9%
44 4 057 Aigrefeuille-sur-Maine
8%
53 204 Beaumont-Pied-de-Bœuf
8%
72 481 Beaumont-Pied-de-Bœuf
8%
72 328 Beaumont-sur-Dême
8%
72 1 979 Beaumont-sur-Sarthe
8%
85 3 887 Beauvoir-sur-Mer
8%
49 1 302 Blaison-Saint-Sulpice
8%
85 2 855 Brem-sur-Mer
8%
72 3 697 Champagné
8%
85 1 797 Champagné-les-Marais
8%
44 3 511 Derval
8%
44 4 950 Gorges
8%
72 146 Grandchamp
8%
44 6 606 Grandchamps-des-Fontaines
8%
53 1 201 La Roche-Neuville
8%
85 1 644 L' Épine
8%
49 6 334 Longuenée-en-Anjou
8%
72 2 062 Loué
8%
44 2 088 Mesquer
8%
72 899 Nogent-le-Bernard
8%
72 369 Nogent-sur-Loir
8%
44 2 981 Port-Saint-Père
8%
53 106 Rennes-en-Grenouilles
8%
85 1 509 Rives-du-Fougerais
8%
53 7 381 Saint-Berthevin
8%
53 303 Saint-Berthevin-la-Tannière
8%
53 1 251 Sainte-Suzanne-et-Chammes
8%
85 2 694 Saint-Gervais
8%
72 389 Saint-Gervais-de-Vic
8%
44 4 109 Saint-Joachim
8%
49 375 Saint-Just-sur-Dive
8%
72 2 705 Saint-Saturnin
8%
53 519 Saint-Saturnin-du-Limet
8%
49 4 470 Tiercé
8%
44 4 807 Vair-sur-Loire
8%
44 2 056 Abbaretz
7%
49 2 784 Bécon-les-Granits
7%
53 6 187 Bonchamp-lès-Laval
7%
44 3 800 Cordemais
7%
53 323 Cossé-en-Champagne
7%
53 3 229 Cossé-le-Vivien
7%
72 7 958 Coulaines
7%
85 5 565 Cugand-la-Bernardière
7%
85 1 230 Fougeré
7%
72 330 Gréez-sur-Roc
7%
49 3 077 Ingrandes-Le Fresne sur Loire
7%
44 330 Juigné-des-Moutiers
7%
72 1 131 Juigné-sur-Sarthe
7%
85 1 095 La Chaize-Giraud
7%
85 3 838 La Chaize-le-Vicomte
7%
85 2 601 La Châtaigneraie
7%
85 1 331 La Guérinière
7%
53 180 La Pallu
7%
49 4 212 La Séguinière
7%
72 4 498 La Suze-sur-Sarthe
7%
44 3 927 Le Bignon
7%
53 320 Le Bignon-du-Maine
7%
53 1 732 Le Bourgneuf-la-Forêt
7%
53 2 122 Le Genest-Saint-Isle
7%
72 391 Le Grez
7%
85 3 580 Les Lucs-sur-Boulogne
7%
85 1 377 Les Velluire-sur-Vendée
7%
53 2 740 Loiron-Ruillé
7%
85 2 412 Longeville-sur-Mer
7%
49 3 204 Maulévrier
7%
44 4 726 Mésanger
7%
44 5 432 Missillac
7%
72 5 231 Mulsanne
7%
49 5 661 Mûrs-Erigné
7%
72 2 461 Neuville-sur-Sarthe
7%
72 1 062 Parigné-le-Pôlin
7%
72 5 320 Parigné-l'Évêque
7%
53 836 Parigné-sur-Braye
7%
44 3 818 Petit-Mars
7%
44 5 265 Plessé
7%
44 6 690 Pont-Saint-Martin
7%
72 3 139 Saint-Calais
7%
53 388 Saint-Calais-du-Désert
7%
49 2 932 Saint-Lambert-la-Potherie
7%
44 2 140 Saint-Lumine-de-Clisson
7%
44 2 278 Saint-Lumine-de-Coutais
7%
44 4 962 Saint-Lyphard
7%
44 2 805 Saint-Molf
7%
49 1 743 Tuffalun
7%
44 4 040 Vieillevigne
7%
44 6 328 Vigneux-de-Bretagne
7%
72 146 Villaines-la-Carelle
7%
72 529 Villaines-la-Gonais
7%
53 2 713 Villaines-la-Juhel
7%
72 688 Villaines-sous-Lucé
7%
72 1 034 Villaines-sous-Malicorne
7%
44 1 632 Vue
7%
85 2 905 Angles
6%
44 1 875 Assérac
6%
85 7 040 Aubigny-Les Clouzeaux
6%
85 1 481 Bazoges-en-Paillers
6%
85 1 145 Bazoges-en-Pareds
6%
44 3 949 Campbon
6%
49 1 855 Champtocé-sur-Loire
6%
44 2 965 Chauvé
6%
85 3 572 Chavagnes-en-Paillers
6%
85 829 Chavagnes-les-Redoux
6%
85 3 339 Coëx
6%
44 2 658 Corsept
6%
72 4 752 Écommoy
6%
49 4 454 Écouflant
6%
44 3 228 Frossay
6%
44 3 688 Geneston
6%
44 3 746 Gétigné
6%
53 990 Grez-en-Bouère
6%
44 1 804 Issé
6%
49 2 766 Jarzé Villages
6%
72 1 367 La Chartre-sur-le-Loir
6%
44 5 951 La Chevrolière
6%
85 5 363 La Ferrière
6%
85 5 220 La Garnache
6%
49 2 448 La Possonnière
6%
53 251 La Roë
6%
44 3 305 Le Pallet
6%
85 2 431 Les Landes-Genusson
6%
44 2 032 Le Temple-de-Bretagne
6%
85 3 344 L' Herbergement
6%
44 3 564 Malville
6%
85 2 789 Mareuil-sur-Lay-Dissais
6%
53 1 902 Martigné-sur-Mayenne
6%
49 5 860 Mazé-Milon
6%
53 2 788 Meslay-du-Maine
6%
72 5 903 Montval-sur-Loir
6%
44 2 874 Mouzillon
6%
44 2 358 Riaillé
6%
85 3 467 Rocheservière
6%
44 3 134 Rouans
6%
44 3 989 Saffré
6%
49 1 247 Saint-Augustin-des-Bois
6%
85 1 588 Sainte-Cécile
6%
44 1 236 Saint-Fiacre-sur-Maine
6%
49 449 Saint-Macaire-du-Bois
6%
85 2 340 Saint-Mathurin
6%
49 1 337 Savennières
6%
49 2 879 Seiches-sur-le-Loir
6%
85 1 581 Tiffauges
6%
49 1 316 Toutlemonde
6%
72 785 Vallon-sur-Gée
6%
49 473 Verrie
6%
53 2 321 Andouillé
5%
85 1 867 Apremont
5%
44 2 444 Avessac
5%
85 4 047 Benet
5%
72 3 749 Bonnétable
5%
44 1 044 Bouée
5%
85 3 431 Bournezeau
5%
44 2 722 Boussay
5%
44 3 081 Bouvron
5%
44 2 862 Brains
5%
72 828 Brains-sur-Gée
5%
53 278 Brains-sur-les-Marches
5%
53 564 Brée
5%
49 3 129 Briollay
5%
49 2 362 Cantenay-Épinard
5%
44 2 480 Casson
5%
53 708 Châlons-du-Maine
5%
44 3 157 Château-Thébaud
5%
85 3 657 Commequiers
5%
72 2 953 Connerré
5%
44 2 541 Couffé
5%
44 3 003 Crossac
5%
85 1 740 Doix lès Fontaines
5%
44 2 288 Drefféac
5%
44 472 Fercé
5%
72 588 Fercé-sur-Sarthe
5%
49 1 515 Fontevraud-l'Abbaye
5%
53 2 543 Gorron
5%
44 3 378 Guenrouet
5%
85 4 074 La Bruffière
5%
44 2 487 La Limouzinière
5%
44 1 606 La Marne
5%
85 1 498 La Meilleraie-Tillay
5%
44 2 780 La Planche
5%
53 2 239 Lassay-les-Châteaux
5%
49 3 195 La Tessoualle
5%
44 771 Lavau-sur-Loire
5%
85 1 266 Le Bernard
5%
44 1 842 Le Gâvre
5%
44 3 118 Le Landreau
5%
53 539 Le Pas
5%
85 2 068 Le Perrier
5%
44 2 535 Les Touches
5%
53 4 415 L' Huisserie
5%
85 2 826 L' Île-d'Olonne
5%
53 4 365 Louverné
5%
72 100 Lucé-sous-Ballon
5%
44 3 023 Maisdon-sur-Sèvre
5%
44 3 238 Montbert
5%
53 1 337 Montigné-le-Brillant
5%
49 446 Montigné-lès-Rairies
5%
49 3 669 Morannes sur Sarthe-Daumeray
5%
44 365 Mouais
5%
85 2 255 Moutiers-les-Mauxfaits
5%
49 988 Neuillé
5%
85 2 525 Nieul-le-Dolent
5%
85 1 106 Palluau
5%
85 641 Pouillé
5%
53 2 295 Pré-en-Pail-Saint-Samson
5%
44 3 476 Prinquiau
5%
44 1 949 Remouillé
5%
53 2 521 Renazé
5%
85 2 082 Rives-d'Autise
5%
44 2 156 Rougé
5%
44 3 428 Saint-Colomban
5%
85 2 422 Sainte-Foy
5%
53 791 Sainte-Gemmes-le-Robert
5%
49 3 515 Sainte-Gemmes-sur-Loire
5%
44 2 408 Sainte-Reine-de-Bretagne
5%
85 3 839 Saint-Fulgent
5%
72 474 Saint-Léonard-des-Bois
5%
53 339 Saint-Loup-du-Dorat
5%
53 353 Saint-Loup-du-Gast
5%
72 744 Saint-Maixent
5%
85 1 149 Saint-Maixent-sur-Vie
5%
85 1 916 Saint-Urbain
5%
44 2 730 Saint-Viaud
5%
85 3 232 Sallertaine
5%
72 3 761 Sargé-lès-le-Mans
5%
72 4 062 Savigné-l'Évêque
5%
72 436 Savigné-sous-le-Lude
5%
44 1 653 Sévérac
5%
44 1 651 Sion-les-Mines
5%
44 1 996 Soudan
5%
85 4 297 Soullans
5%
44 1 808 Teillé
5%
72 476 Teillé
5%
49 1 252 Thorigné-d'Anjou
5%
53 191 Thorigné-en-Charnie
5%
72 1 613 Thorigné-sur-Dué
5%
53 226 Trans
5%
44 1 102 Trans-sur-Erdre
5%
85 3 281 Treize-Septiers
5%
49 3 085 Trémentines
5%
49 4 908 Val d'Erdre-Auxence
5%
44 2 051 Vay
5%
85 4 698 Venansault
5%
85 846 Vouvant
5%
72 1 759 Yvré-le-Pôlin
5%
72 4 241 Yvré-l'Évêque
5%
53 2 625 Ambrières-les-Vallées
4%
53 2 831 Argentré
4%
72 2 108 Aubigné-Racan
4%
49 365 Aubigné-sur-Layon
4%
49 2 126 Bégrolles-en-Mauges
4%
49 126 Béhuard
4%
44 3 249 Besné
4%
72 1 533 Brûlon
4%
85 1 884 Chaillé-les-Marais
4%
53 973 Châtillon-sur-Colmont
4%
85 2 485 Chauché
4%
44 1 152 Cheix-en-Retz
4%
72 367 Chevillé
4%
72 1 268 Clermont-Créans
4%
53 1 279 Commer
4%
72 1 845 Conlie
4%
44 3 074 Corcoué-sur-Logne
4%
49 1 566 Coron
4%
49 1 907 Corzé
4%
53 860 Coudray
4%
49 1 405 Denée
4%
85 4 394 Dompierre-sur-Yon
4%
53 2 251 Entrammes
4%
44 3 045 Erbray
4%
49 1 548 Étriché
4%
85 1 667 Falleron
4%
44 2 302 Fégréac
4%
49 2 188 Feneu
4%
85 1 173 Foussais-Payré
4%
85 1 969 Froidfond
4%
85 2 236 Givrand
4%
44 769 Grand-Auverné
4%
44 1 408 Jans
4%
53 758 Jublains
4%
44 1 536 La Chevallerais
4%
85 3 117 La Gaubretière
4%
85 1 977 La Genétouze
4%
44 1 748 La Grigonnais
4%
49 2 043 La Ménitré
4%
44 1 520 La Regrippière
4%
49 1 961 La Romagne
4%
49 961 Le Coudray-Macouard
4%
85 4 897 Le Fenouiller
4%
85 2 883 Les Brouzils
4%
49 883 Les Cerqueux
4%
44 1 056 Lusanger
4%
85 751 Maillé
4%
72 1 882 Malicorne-sur-Sarthe
4%
44 1 524 Marsac-sur-Don
4%
49 1 265 Mazières-en-Mauges
4%
85 1 057 Mervent
4%
44 1 967 Moisdon-la-Rivière
4%
44 2 316 Monnières
4%
72 2 906 Montfort-le-Gesnois
4%
53 1 036 Montjean
4%
85 2 923 Mouchamps
4%
85 782 Moutiers-sur-le-Lay
4%
44 1 942 Mouzeil
4%
85 2 961 Nesmy
4%
53 345 Neuilly-le-Vendin
4%
44 2 285 Notre-Dame-des-Landes
4%
44 586 Noyal-sur-Brutz
4%
49 1 443 Nuaillé
4%
53 1 151 Oisseau
4%
72 669 Oisseau-le-Petit
4%
44 2 004 Paulx
4%
44 427 Petit-Auverné
4%
44 997 Pierric
4%
53 1 389 Prée-d'Anjou
4%
44 1 148 Puceul
4%
53 2 131 Quelaines-Saint-Gault
4%
44 1 435 Quilly
4%
49 2 307 Rochefort-sur-Loire
4%
72 3 536 Ruaudin
4%
85 500 Saint-Benoist-sur-Mer
4%
53 526 Saint-Brice
4%
85 2 490 Sainte-Flaive-des-Loups
4%
72 2 010 Sainte-Jamme-sur-Sarthe
4%
49 2 172 Saint-Melaine-sur-Aubance
4%
85 1 750 Saint-Mesmin
4%
85 1 680 Saint-Prouant
4%
72 603 Ségrie
4%
49 730 Souzay-Champigny
4%
72 2 863 Spay
4%
44 1 890 Touvois
4%
44 941 Treffieux
4%
49 1 993 Vernantes
4%
49 1 733 Vezins
4%
72 198 Viré-en-Champagne
4%
49 2 545 Vivy
4%
85 1 821 Vix
4%
49 1 821 Yzernay
4%
53 1 844 Ahuillé
3%
72 1 692 Aigné
3%
53 608 Alexain
3%
49 922 Angrie
3%
85 1 051 Antigny
3%
72 1 882 Arçonnay
3%
53 1 827 Aron
3%
72 379 Asnières-sur-Vègre
3%
53 884 Astillé
3%
72 1 484 Auvers-le-Hamon
3%
72 233 Auvers-sous-Montfaucon
3%
53 1 217 Bais
3%
53 1 305 Ballots
3%
72 1 975 Bazouges Cré sur Loir
3%
85 1 565 Beaufou
3%
85 2 446 Beaurepaire
3%
72 821 Bernay-Neuvy-en-Champagne
3%
49 955 Blou
3%
72 349 Bouër
3%
85 593 Bouillé-Courdault
3%
49 755 Bouillé-Ménard
3%
72 2 109 Bouloire
3%
85 728 Bourneau
3%
53 842 Brecé
3%
72 2 128 Brette-les-Pins
3%
49 267 Carbay
3%
72 3 377 Cérans-Foulletourte
3%
53 1 144 Chailland
3%
49 795 Challain-la-Potherie
3%
49 692 Chanteloup-les-Bois
3%
72 829 Chantenay-Villedieu
3%
49 1 052 Chazé-sur-Argos
3%
49 995 Cheffes
3%
53 1 386 Chemazé
3%
53 407 Chémeré-le-Roi
3%
72 2 723 Cherré-Au
3%
53 484 Colombiers-du-Plessis
3%
44 1 084 Conquereuil
3%
72 1 647 Coulans-sur-Gée
3%
72 409 Courcelles-la-Forêt
3%
85 735 Damvix
3%
53 513 Daon
3%
49 1 746 Distré
3%
49 673 Écuillé
3%
72 1 507 Fillé
3%
53 1 089 Forcé
3%
53 167 Gastines
3%
53 230 Gesnes
3%
72 903 Gesnes-le-Gandelin
3%
85 2 225 Grosbreuil
3%
85 897 Grues
3%
72 3 144 Guécélard
3%
49 1 318 Huillé-Lézigné
3%
53 456 Izé
3%
53 1 375 Javron-les-Chapelles
3%
53 1 421 Juvigné
3%
53 1 941 La Baconnière
3%
53 571 La Gravelle
3%
49 342 La Jaille-Yvon
3%
44 1 548 La Meilleraye-de-Bretagne
3%
72 2 635 La Milesse
3%
85 2 336 Landeronde
3%
85 1 479 Landevieille
3%
53 1 137 Landivy
3%
49 129 La Pellerine
3%
53 302 La Pellerine
3%
53 1 080 Larchamp
3%
44 1 286 La Remaudière
3%
85 1 114 La Réorthe
3%
44 1 241 La Roche-Blanche
3%
53 908 La Selle-Craonnaise
3%
72 1 214 Le Bailleul
3%
85 3 208 Le Boupère
3%
72 1 544 Le Breil-sur-Mérize
3%
85 1 120 Le Girouard
3%
85 487 Le Givre
3%
72 1 927 Le Grand-Lucé
3%
53 376 Le Ham
3%
53 720 Le Horps
3%
49 2 594 Le Plessis-Grammoire
3%
49 1 154 Le Puy-Notre-Dame
3%
53 194 Lesbois
3%
85 923 L' Hermenault
3%
85 1 506 L' Île-d'Elle
3%
44 965 Louisfert
3%
53 1 152 Louvigné
3%
72 1 523 Luché-Pringé
3%
85 906 Maillezais
3%
85 242 Mallièvre
3%
72 1 541 Mansigné
3%
49 836 Marcé
3%
72 1 613 Marigné-Laillé
3%
53 544 Marigné-Peuton
3%
72 2 061 Marolles-les-Braults
3%
72 280 Marolles-lès-Saint-Calais
3%
85 472 Marsais-Sainte-Radégonde
3%
44 684 Massérac
3%
72 3 142 Mayet
3%
53 237 Mée
3%
53 894 Ménil
3%
53 1 120 Méral
3%
49 999 Miré
3%
72 3 669 Moncé-en-Belin
3%
72 259 Moncé-en-Saosnois
3%
53 1 347 Montenay
3%
49 1 220 Montilliers
3%
44 833 Montrelais
3%
49 423 Montsoreau
3%
53 986 Moulay
3%
72 697 Moulins-le-Carbonnel
3%
49 2 028 Mozé-sur-Louet
3%
85 2 333 Nalliers
3%
72 528 Nuillé-le-Jalais
3%
53 1 220 Nuillé-sur-Vicoin
3%
53 412 Olivet
3%
44 1 424 Pannecé
3%
72 2 086 Parcé-sur-Sarthe
3%
53 1 383 Parné-sur-Roc
3%
85 611 Péault
3%
85 1 164 Pissotte
3%
53 352 Placé
3%
85 1 192 Poiroux
3%
53 642 Pommerieux
3%
53 806 Pontmain
3%
53 1 795 Port-Brillet
3%
72 2 938 Précigné
3%
72 1 331 Pruillé-le-Chétif
3%
72 818 Pruillé-l'Éguillé
3%
85 653 Puyravault
3%
85 862 Réaumur
3%
49 5 642 Rives-du-Loir-en-Anjou
3%
72 2 297 Rouillon
3%
44 705 Ruffigné
3%
72 297 Ruillé-en-Champagne
3%
53 565 Ruillé-Froid-Fonds
3%
53 509 Sacé
3%
85 1 106 Saint-Avaugourd-des-Landes
3%
53 1 159 Saint-Baudelle
3%
85 952 Sainte-Radégonde-des-Noyers
3%
53 987 Saint-Fraimbault-de-Prières
3%
72 1 909 Saint-Pavace
3%
85 1 472 Saint-Révérend
3%
85 421 Saint-Sigismond
3%
72 509 Saint-Symphorien
3%
85 533 Saint-Valérien
3%
49 829 Sarrigné
3%
49 1 174 Sceaux-d'Anjou
3%
72 577 Sceaux-sur-Huisne
3%
72 1 212 Solesmes
3%
49 872 Somloire
3%
49 1 399 Soulaines-sur-Aubance
3%
49 1 491 Soulaire-et-Bourg
3%
53 1 093 Soulgé-sur-Ouette
3%
72 665 Souligné-Flacé
3%
72 1 239 Souligné-sous-Ballon
3%
44 339 Soulvache
3%
85 1 235 Thorigny
3%
72 1 430 Torcé-en-Vallée
3%
85 1 247 Treize-Vents
3%
85 1 011 Triaize
3%
72 1 394 Vaas
3%
53 1 165 Vaiges
3%
85 1 814 Vairé
3%
49 1 859 Varennes-sur-Loire
3%
85 1 779 Vendrennes
3%
72 2 509 Vibraye
3%
44 684 Villepot
3%
53 930 Voutré
3%
72 580 Amné
2%
72 942 Ancinnes
2%
49 460 Antoigné
2%
72 500 Ardenay-sur-Mérize
2%
49 319 Armaillé
2%
53 670 Arquenay
2%
49 422 Artannes-sur-Thouet
2%
72 358 Arthezé
2%
53 466 Athée
2%
85 1 149 Auchay-sur-Vendée
2%
53 558 Averton
2%
72 363 Avessé
2%
72 694 Avezé
2%
72 579 Avoise
2%
53 118 Bannes
2%
49 612 Baracé
2%
72 1 507 Beaufay
2%
72 529 Beillé
2%
53 569 Belgeard
2%
85 440 Bessay
2%
72 2 069 Bessé-sur-Braye
2%
53 592 Bouchamps-lès-Craon
2%
53 1 062 Bouère
2%
53 725 Bouessay
2%
53 139 Boulay-les-Ifs
2%
72 329 Bourg-le-Roi
2%
49 234 Bourg-l'Évêque
2%
53 628 Bourgon
2%
72 432 Bousse
2%
49 347 Brossay
2%
53 269 Carelles
2%
49 334 Cernusson
2%
72 671 Chahaignes
2%
72 1 205 Challes
2%
49 394 Chambellay
2%
53 607 Champéon
2%
72 1 332 Champfleur
2%
53 285 Champfrémont
2%
53 500 Champgenéteux
2%
53 600 Chantrigné
2%
53 458 Charchigné
2%
85 757 Chasnais
2%
85 1 506 Château-Guibert
2%
53 451 Châtelain
2%
49 932 Chaudefonds-sur-Layon
2%
72 1 124 Chaufour-Notre-Dame
2%
85 1 002 Cheffois
2%
72 211 Chemiré-en-Charnie
2%
72 998 Chemiré-le-Gaudin
2%
49 342 Chenillé-Champteussé
2%
72 426 Chenu
2%
53 150 Chérancé
2%
72 354 Chérancé
2%
53 154 Chevaigné-du-Maine
2%
49 470 Cizay-la-Madeleine
2%
49 341 Cléré-sur-Layon
2%
72 471 Conflans-sur-Anille
2%
53 888 Congrier
2%
53 843 Contest
2%
72 897 Cormes
2%
49 471 Cornillé-les-Caves
2%
85 1 015 Corpe
2%
53 283 Cosmes
2%
72 623 Coudrecieux
2%
53 378 Couesmes-Vaucé
2%
72 508 Coulongé
2%
53 135 Couptrain
2%
53 638 Courbeveille
2%
72 642 Courcebœufs
2%
72 675 Courcemont
2%
49 527 Courchamps
2%
53 828 Courcité
2%
72 609 Courdemanche
2%
49 142 Courléon
2%
72 928 Courtillers
2%
72 345 Crannes-en-Champagne
2%
53 195 Crennes-sur-Fraubée
2%
72 550 Crissé
2%
72 1 039 Crosmières
2%
53 827 Cuillé
2%
85 523 Curzon
2%
72 756 Degré
2%
53 164 Denazé
2%
49 464 Dénezé-sous-Doué
2%
53 447 Désertines
2%
72 920 Dissay-sous-Courcillon
2%
72 1 446 Dollon
2%
72 1 043 Domfront-en-Champagne
2%
72 1 061 Duneau
2%
49 720 Épieds
2%
72 292 Épineu-le-Chevreuil
2%
72 1 921 Étival-lès-le-Mans
2%
72 857 Fatines
2%
85 197 Faymoreau
2%
72 528 Flée
2%
53 1 167 Fougerolles-du-Plessis
2%
53 835 Fromentières
2%
72 981 Fyé
2%
53 518 Gesvres
2%
85 700 Grand'Landes
2%
53 621 Grazay
2%
53 616 Hambers
2%
53 193 Hardanges
2%
53 312 Hercé
2%
53 502 Houssay
2%
72 429 Juillé
2%
72 551 Jupilles
2%
49 814 Juvardeil
2%
53 493 La Bigottière
2%
72 144 La Bosse
2%
49 600 La Breille-les-Pins
2%
85 578 La Bretonnière-la-Claye
2%
53 677 La Brûlatte
2%
85 1 113 La Caillère-Saint-Hilaire
2%
72 1 711 La Chapelle-d'Aligné
2%
85 1 046 La Copechagnière
2%
85 225 La Couture
2%
53 635 La Croixille
2%
53 208 La Cropte
2%
53 278 La Dorée
2%
72 1 178 La Guierche
2%
85 616 Lairoux
2%
85 600 La Jaudonnière
2%
85 463 La Jonchère
2%
85 1 013 La Merlatière
2%
72 925 Lamnay
2%
72 778 La Quinte
2%
85 1 007 La Rabatelière
2%
53 315 La Rouaudière
2%
85 551 La Taillée
2%
53 349 Laubrières
2%
72 818 Lavaré
2%
72 586 Lavernat
2%
53 306 Le Buret
2%
53 229 Le Housseau-Brétignolles
2%
85 1 012 Le Langon
2%
72 1 441 Le Luart
2%
85 443 Le Mazeau
2%
53 468 Le Ribay
2%
85 1 484 Les Magnils-Reigniers
2%
85 658 Les Pineaux
2%
49 1 033 Les Rairies
2%
49 574 Les Ulmes
2%
85 748 Le Tablier
2%
53 283 Levaré
2%
72 924 Lhomme
2%
85 284 Liez
2%
53 710 Lignières-Orgères
2%
72 488 Ligron
2%
53 179 Livet
2%
72 70 Livet-en-Saosnois
2%
53 731 Livré-la-Touche
2%
85 402 Loge-Fougereuse
2%
72 1 912 Lombron
2%
85 1 334 Longèves
2%
72 314 Longnes
2%
85 788 L' Orbrie
2%
72 714 Louailles
2%
53 411 Loupfougères
2%
72 1 458 Louplande
2%
49 893 Louresse-Rochemenier
2%
72 1 234 Luceau
2%
53 291 Madré
2%
72 357 Maigné
2%
72 190 Maisoncelles
2%
53 514 Maisoncelles-du-Maine
2%
53 755 Marcillé-la-Ville
2%
72 1 076 Marçon
2%
72 371 Mareil-en-Champagne
2%
72 660 Mareil-sur-Loir
2%
85 1 183 Martinet
2%
85 677 Menomblet
2%
85 1 538 Mesnard-la-Barotière
2%
53 629 Mézangers
2%
72 1 853 Mézeray
2%
72 686 Mézières-sous-Lavardin
2%
72 730 Mézières-sur-Ponthouin
2%
85 967 Monsireigne
2%
53 903 Montaudin
2%
72 1 821 Montbizot
2%
53 252 Montflours
2%
72 374 Montmirail
2%
85 1 630 Montournais
2%
72 636 Mont-Saint-Jean
2%
85 410 Moreilles
2%
49 808 Mouliherne
2%
72 1 042 Neufchâtel-en-Saosnois
2%
53 353 Niafles
2%
72 1 334 Oizé
2%
53 402 Origné
2%
72 465 Parennes
2%
49 408 Parnay
2%
49 127 Passavant-sur-Layon
2%
85 681 Petosse
2%
53 231 Peuton
2%
72 190 Pincé
2%
72 502 Pirmil
2%
72 605 Poillé-sur-Vègre
2%
72 1 634 Pontvallain
2%
44 1 085 Pouillé-les-Côteaux
2%
53 163 Préaux
2%
53 228 Ravigny
2%
72 389 René
2%
85 986 Rochetrejoux
2%
72 2 589 Roëzé-sur-Sarthe
2%
85 652 Rosnay
2%
72 264 Rouessé-Fontaine
2%
72 795 Rouessé-Vassé
2%
72 796 Rouez
2%
72 279 Rouperroux-le-Coquet
2%
72 705 Saint-Biez-en-Belin
2%
72 1 520 Saint-Corneille
2%
72 1 902 Saint-Cosme-en-Vairais
2%
53 490 Saint-Ellier-du-Maine
2%
85 284 Sainte-Pexine
2%
53 163 Saint-Erblon
2%
72 738 Sainte-Sabine-sur-Longève
2%
85 428 Saint-Juire-Champgillon
2%
72 538 Saint-Marceau
2%
72 2 103 Saint-Paterne - Le Chevain
2%
53 407 Saint-Poix
2%
72 452 Saint-Victeur
2%
72 289 Sarcé
2%
53 316 Saulges
2%
72 438 Semur-en-Vallon
2%
53 345 Senonnes
2%
85 999 Sérigné
2%
49 332 Sermaise
2%
85 914 Sigournais
2%
53 397 Simplé
2%
53 168 Soucé
2%
72 847 Sougé-le-Ganelon
2%
72 784 Souillé
2%
72 163 Souvigné-sur-Même
2%
72 619 Souvigné-sur-Sarthe
2%
85 453 Tallud-Sainte-Gemme
2%
72 3 056 Teloché
2%
72 1 048 Tennie
2%
85 544 Thiré
2%
72 110 Thoiré-sous-Contensor
2%
72 406 Thoiré-sur-Dinan
2%
72 735 Thorée-les-Pins
2%
53 274 Thubœuf
2%
72 1 553 Trangé
2%
49 572 Turquant
2%
53 959 Val-du-Maine
2%
49 1 241 Varrains
2%
49 1 122 Vaudelnay
2%
53 613 Vautorte
2%
72 578 Verneil-le-Chétif
2%
72 326 Vernie
2%
49 1 278 Vernoil-le-Fourrier
2%
53 108 Vieuvy
2%
49 1 438 Villebernier
2%
53 188 Villepail
2%
53 1 083 Villiers-Charlemagne
2%
72 1 426 Vion
2%
72 931 Vivoin
2%
72 1 371 Voivres-lès-le-Mans
2%
85 755 Vouillé-les-Marais
2%
72 132 Vouvray-sur-Huisne
2%
85 733 Xanton-Chassenon
2%
72 85 Avesnes-en-Saosnois
1%
72 335 Berfay
1%
72 438 Bérus
1%
72 307 Béthon
1%
72 123 Blèves
1%
72 547 Boëssé-le-Sec
1%
72 523 Briosne-lès-Sables
1%
72 70 Champrond
1%
72 250 Chassillé
1%
72 253 Château-l'Hermitage
1%
72 247 Chenay
1%
72 312 Chérisay
1%
72 183 Cogners
1%
72 138 Commerveil
1%
72 329 Congé-sur-Orne
1%
72 133 Contilly
1%
72 93 Courcival
1%
72 577 Courgains
1%
72 482 Courgenard
1%
72 477 Cures
1%
72 477 Dangeul
1%
72 267 Dehault
1%
72 243 Doucelles
1%
72 319 Douillet
1%
72 68 Dureil
1%
72 299 Écorpain
1%
72 81 Jauzé
1%
72 248 La Bruère-sur-Loir
1%
53 375 Launay-Villiers
1%
72 703 Lavardin
1%
72 112 Les Aulneaux
1%
72 98 Les Mées
1%
72 166 Le Tronchet
1%
72 169 Louvigny
1%
72 103 Louzes
1%
72 885 Maresché
1%
85 123 Marillet
1%
72 154 Marollette
1%
72 429 Melleray
1%
72 267 Meurcé
1%
72 282 Moitron-sur-Sarthe
1%
72 194 Monhoudou
1%
72 512 Montaillé
1%
72 11 Nauvay
1%
72 598 Neuvillalais
1%
72 292 Neuvillette-en-Charnie
1%
72 264 Nouans
1%
72 39 Panon
1%
72 64 Peray
1%
72 359 Pezé-le-Robert
1%
72 373 Piacé
1%
72 73 Pizieux
1%
72 684 Préval
1%
72 203 Prévelles
1%
85 324 Puy-de-Serre
1%
72 147 Rahay
1%
72 1 134 Requeil
1%
72 196 Saint-Calez-en-Saosnois
1%
72 897 Saint-Célerin
1%
72 316 Sainte-Cérotte
1%
72 503 Saint-Longis
1%
72 223 Saint-Ulphace
1%
72 211 Saosnes
1%
72 619 Soulitré
1%
72 339 Surfonds
1%
72 297 Tassé
1%
72 129 Tassillé
1%
72 140 Terrehault
1%
72 215 Théligny
1%
72 163 Thoigné
1%
53 767 Torcé-Viviers-en-Charnie
1%
72 491 Tresson
1%
72 1 524 Val-de-la-Hune
1%
72 518 Val-d'Étangson
1%
72 315 Valennes
1%
72 310 Vancé
1%
72 77 Vezot
1%
Aucun quiz correspondant
Distribution des résultats
% des personnes avec chaque résultat
Percentile par nombre de réponses
Votre historique - résultats
Vous n’avez pas pris ce quiz depuis la dernière actualisation